01185nam a2200253 a 450000100100000000500170001000800410002702000180006804000250008608200210011110000380013224501440017026000490031430000270036349000640039050001100045450000730056450400300063765000490066765000340071671000500075071000670080083000640086700001381120260527074041.0091130s2008 dr a r 000 0 spa d a9789945865141 aDO-SdBNPbspacBNPHU a324.27293bT266p1 aTejada Holguín, Ramón,d1961-13aEl papel de los partidos políticos en la construcción de la transparencia en la administración pública /cRamón Tejada Holguín. aSanto Domingo :bFLACSO :bCONARE ,c[2008]. a46 p. :bil. ;c22 cm.1 aReforma y Modernización del Sistema Político Dominicano aA la cabeza de la portada : Segundo desayuno-panel Facultad Latinoamericana de Ciencias Sociales (FLACSO) aIncluye referencias bibliográficas y notas al pie de las páginas aBibliografía : p. 32-33 0aPartidos políticoszRepública Dominicana 0a Delitos de los funcionarios 22aFacultad Latinoamericana de Ciencias Sociales12aRepública Dominicana. Consejo Nacional de Reforma del Estado 0aReforma y Modernización del Sistema Político Dominicano